Human rights in India ; (Record no. 157168)

MARC details
000 -LEADER
fixed length control field 00687nam a22002177a 4500
003 - CONTROL NUMBER IDENTIFIER
control field dpl
005 - DATE AND TIME OF LATEST TRANSACTION
control field 20180908155537.0
008 - FIXED-LENGTH DATA ELEMENTS--GENERAL INFORMATION
fixed length control field 180907b xxu||||| |||| 00| 0 eng d
010 ## - LIBRARY OF CONGRESS CONTROL NUMBER
LC control number B-023930
020 ## - INTERNATIONAL STANDARD BOOK NUMBER
International Standard Book Number 0195655979
Terms of availability 0.00
035 ## - SYSTEM CONTROL NUMBER
System control number B-023930
040 ## - CATALOGING SOURCE
Original cataloging agency DPL
Language of cataloging EN
Transcribing agency 0
082 ## - DEWEY DECIMAL CLASSIFICATION NUMBER
Classification number 323.0954
Item number HUM
245 ## - TITLE STATEMENT
Title Human rights in India ;
Remainder of title historical, social and political perspectives /
Statement of responsibility, etc edited by C.J. Nirmal
260 ## - PUBLICATION, DISTRIBUTION, ETC. (IMPRINT)
Place of publication, distribution, etc New Delhi
Name of publisher, distributor, etc Oxford University Press
Date of publication, distribution, etc 2000
270 ## - ADDRESS
Address YMCA library building, jai singh road
City New Delhi
Postal code 110001
300 ## - PHYSICAL DESCRIPTION
Extent 333p.;
Dimensions 20C.M.
500 ## - GENERAL NOTE
General note Includes index
700 ## - ADDED ENTRY--PERSONAL NAME
Personal name Nirmal, C.J
942 ## - ADDED ENTRY ELEMENTS (KOHA)
Source of classification or shelving scheme Dewey Decimal Classification
Koha item type English Books
Classification part 323.0954
Call number suffix HUM
Holdings
Withdrawn status Lost status Source of classification or shelving scheme Damaged status Not for loan Collection code Home library Current library Date acquired Source of acquisition Cost, normal purchase price Total Checkouts Full call number Barcode Date last seen Cost, replacement price Price effective from Koha item type
    Dewey Decimal Classification     Non-fiction Patel Nagar Patel Nagar 07/09/2018 BPPD/PUB 0.00   323.0954 HUM B-023930 07/09/2018 0.00 07/09/2018 English Books

© Delhi Public Library
Hit Counter
free hit counter